000
00208 a2200097 4500
001
12243
100
_a
Jane's
245
_a
Helicopter Markets and Systems
260
_a
_b
Jane's Group
_c
090
_c
9473
_d
9473
942
_a
NUST-CAE
_c
_c
36348
999
_c
247316
_d
247316